<?xml version="1.0" encoding="UTF-8"?>
<record
    xmlns:xsi="http://www.w3.org/2001/XMLSchema-instance"
    xsi:schemaLocation="http://www.loc.gov/MARC21/slim http://www.loc.gov/standards/marcxml/schema/MARC21slim.xsd"
    xmlns="http://www.loc.gov/MARC21/slim">

  <leader>00601nam a2200181Ia 4500</leader>
  <controlfield tag="008">100921s9999    xx            000 0 und d</controlfield>
  <datafield tag="082" ind1=" " ind2=" ">
    <subfield code="b">6128</subfield>
    <subfield code="a">891.461 &#x925; 62</subfield>
  </datafield>
  <datafield tag="100" ind1=" " ind2=" ">
    <subfield code="a">&#x915;&#x941;&#x938;&#x941;&#x92E;&#x93E;&#x917;&#x94D;&#x930;&#x91C; (&#x936;&#x93F;&#x930;&#x935;&#x93E;&#x921;&#x915;&#x930; &#x935;&#x93F;.&#x935;&#x93E;.).</subfield>
  </datafield>
  <datafield tag="245" ind1=" " ind2=" ">
    <subfield code="a">&#x938;&#x94D;&#x935;&#x917;&#x924;.</subfield>
  </datafield>
  <datafield tag="260" ind1=" " ind2=" ">
    <subfield code="b">&#x915;&#x93E;&#x901;&#x928;&#x94D;&#x91F;&#x940;&#x928;&#x947;&#x902;&#x91F;&#x932; &#x92C;&#x941;&#x915; &#x938;&#x930;&#x94D;&#x935;&#x94D;&#x939;&#x940;&#x938;,&#x92A;&#x941;&#x923;&#x947;.</subfield>
    <subfield code="c">1962</subfield>
  </datafield>
  <datafield tag="300" ind1=" " ind2=" ">
    <subfield code="a">82</subfield>
    <subfield code="b">---</subfield>
  </datafield>
  <datafield tag="365" ind1=" " ind2=" ">
    <subfield code="b">3.5</subfield>
  </datafield>
  <datafield tag="520" ind1=" " ind2=" ">
    <subfield code="a">&#x932;&#x932;&#x93F;&#x924;-&#x915;&#x93E;&#x935;&#x94D;&#x92F;.</subfield>
  </datafield>
  <datafield tag="630" ind1=" " ind2=" ">
    <subfield code="a">&#x938;&#x94D;&#x935;&#x917;&#x924;.</subfield>
  </datafield>
  <datafield tag="650" ind1=" " ind2=" ">
    <subfield code="a">&#x932;&#x932;&#x93F;&#x924;-&#x915;&#x93E;&#x935;&#x94D;&#x92F;.</subfield>
  </datafield>
  <datafield tag="730" ind1=" " ind2=" ">
    <subfield code="a">&#x938;&#x94D;&#x935;&#x917;&#x924;.</subfield>
  </datafield>
  <datafield tag="942" ind1=" " ind2=" ">
    <subfield code="c">BOOK</subfield>
  </datafield>
  <datafield tag="999" ind1=" " ind2=" ">
    <subfield code="c">755241</subfield>
    <subfield code="d">755238</subfield>
  </datafield>
  <datafield tag="952" ind1=" " ind2=" ">
    <subfield code="0">0</subfield>
    <subfield code="1">0</subfield>
    <subfield code="4">0</subfield>
    <subfield code="7">1</subfield>
    <subfield code="a">WAITILAKGS</subfield>
    <subfield code="b">WAITILAKGS</subfield>
    <subfield code="c">891.461 &#x925; 62</subfield>
    <subfield code="d">0000-00-00</subfield>
    <subfield code="g">3.50</subfield>
    <subfield code="l">0</subfield>
    <subfield code="p">WAITILAKGS-6128</subfield>
    <subfield code="r">2010-09-21 00:00:00</subfield>
    <subfield code="w">2010-09-21</subfield>
    <subfield code="y">BOOK</subfield>
    <subfield code="z">&#x938;&#x902;&#x926;&#x930;&#x94D;&#x92D;</subfield>
  </datafield>
</record>
